Mecánica de fluidos: (Registro nro. 15330)

Detalles MARC
000 -Cabecera
Campo de control interno 01004nam a2200229Ia 4500
005 - Fecha y hora del registro
control field 20260408140501.0
008 - Elementos de Longitud Fija
fixed length control field 260306t2012||||xx |||||||||||||| ||und||
041 ## - Idioma
Codigo Idioma ESP
082 ## - DEWEY y NOTACIÓN INTERNA
Dewey 532
Notación Interna C46 2012
100 ## - AUTOR
Autor denominación Çengel, Yunus A.
Término de relación autor
245 #0 - TÍTULO DE MATERIAL BIBLIOGRÁFICO
Título Mecánica de fluidos:
Título paralelo fundamentos y aplicaciones
260 ## - CIUDAD, EDITORIAL, AÑO
Año 2012
300 ## - DESCRIPCIÓN
N° Páginas xiii, 977 páginas :
Dimensiones 27 cm.
650 ## - TEMAS
Temas Generalidades
654 ## - PROGRAMAS
Programa Dpto. de Ciencias Naturales
856 ## - URL - UBICACIÓN
URI/URL: Enlace exacto del recurso <a href="https://itmsp.museknowledge.com/UCSP?url=https://www.ebooks7-24.com:443/?il=7013&pg=1">https://itmsp.museknowledge.com/UCSP?url=https://www.ebooks7-24.com:443/?il=7013&pg=1</a>
Nota pública: Versión digital <a href="Versión digital (2018)">Versión digital (2018)</a>
856 ## - URL - UBICACIÓN
URI/URL: Enlace exacto del recurso <a href="https://0u213vmxh-y-https-ebooks7--24-com.itmsp.museknowledge.com/biblioteca.aspx">https://0u213vmxh-y-https-ebooks7--24-com.itmsp.museknowledge.com/biblioteca.aspx</a>
Nota pública: Versión digital <a href="Véase además: Base de datos Ebook7-24">Véase además: Base de datos Ebook7-24</a>
856 ## - URL - UBICACIÓN
URI/URL: Enlace exacto del recurso <a href="https://0u20fvmxq-y-https-research-ebsco-com.itmsp.museknowledge.com/c/qxo6us/search">https://0u20fvmxq-y-https-research-ebsco-com.itmsp.museknowledge.com/c/qxo6us/search</a>
Nota pública: Versión digital <a href="Véase además: Base de datos EBSCOhost">Véase además: Base de datos EBSCOhost</a>
856 ## - URL - UBICACIÓN
URI/URL: Enlace exacto del recurso <a href="https://0u21dvmy0-y-https-ebooks-editorialmacro-com.itmsp.museknowledge.com/library">https://0u21dvmy0-y-https-ebooks-editorialmacro-com.itmsp.museknowledge.com/library</a>
Nota pública: Versión digital <a href="Véase además: Base de datos Macro Digital">Véase además: Base de datos Macro Digital</a>
942 ## - ELEMENTOS DE KOHA
Tipo de documento Libro
Nombre del creador Justo Noguera
Código de catalogador Justo Noguera
Esquema de clasificación Dewey Decimal Classification
Existencias
Codigo completo Registro Colección Copia número Disponibilidad Tipo de préstamo Biblioteca Actual Procedencia (Biblioteca) Ubicacón Fecha Ingreso Tipo de Adquisición Date last seen Total checkouts Price effective from Tipo de Item Estado del Material Fuente de Clasificación Damaged status Withdrawn status
532 C46 2012 1013179 Universidad Católica San Pablo 1 Disponible Disponible Víctor Andrés Belaunde Víctor Andrés Belaunde Segundo piso 03/06/2026 Compra 06/03/2026   06/03/2026 Libro Bueno Dewey Decimal Classification    
532 C46 2012 1046541 Universidad Católica San Pablo 3 Disponible Disponible Víctor Andrés Belaunde Víctor Andrés Belaunde Segundo piso 03/06/2026 Compra 06/03/2026   06/03/2026 Libro Bueno Dewey Decimal Classification    
532 C46 2012 1013181 Universidad Católica San Pablo 2 Disponible Disponible Víctor Andrés Belaunde Víctor Andrés Belaunde Segundo piso 18/03/2026 Compra 18/03/2026   18/03/2026 Libro Bueno Dewey Decimal Classification    
532 C46 2012 1024838 Universidad Católica San Pablo 7 Disponible Disponible Víctor Andrés Belaunde Víctor Andrés Belaunde Segundo piso 18/03/2026 Compra 18/03/2026   18/03/2026 Libro Bueno Dewey Decimal Classification    
532 C46 2012 1013182 Universidad Católica San Pablo 4 Disponible Disponible Víctor Andrés Belaunde Víctor Andrés Belaunde Segundo piso 18/03/2026 Compra 18/03/2026   18/03/2026 Libro Bueno Dewey Decimal Classification    
532 C46 2012 1015460 Universidad Católica San Pablo 5 Disponible Disponible Víctor Andrés Belaunde Víctor Andrés Belaunde Segundo piso 18/03/2026 Compra 18/03/2026   18/03/2026 Libro Bueno Dewey Decimal Classification    
532 C46 2012 1024837 Universidad Católica San Pablo 6 Disponible Disponible Víctor Andrés Belaunde Víctor Andrés Belaunde Segundo piso 18/03/2026 Compra 18/03/2026   18/03/2026 Libro Bueno Dewey Decimal Classification